000 00470nam a22001097a 4500
008 150624b xxu||||| |||| 00| 0 eng d
010 _8HCCRSARF: 006
245 _aHIGH COURT CRIMINAL SESSION No.624 of 1970 Uganda Vs Yayesi Olner
260 _aHigh Court Kampala
500 _3(original criminal Case No.MB.172 of 1970 in the chief Magistrate's court of Soroti at Soroti Before: B.B. Asthana , Esq.,Ag Chief Magistrate)
500 _3Before: Hon. Mr. Justice Y.V. Phadke
999 _c6634
_d6634